Východoslovenská galéria v Košiciach ... dovoľujú si Vás pozvať na vernisáž výstavy Rudolf Moško. Maľba [a] Milan Struhárik. Socha [pozvánka] : dňa 24. júla 1997 ...

Bibliographic Details
Format: Book
Language:Slovak
PhysicalDescription:1 list ([1] s.) 15 x 11 cm
Published: Košice Východoslovenská galéria 1997
Subjects:

MARC

LEADER 00000nam a2200000 a 4500
001 vtls001296946
003 SK-MaSNL
005 20260426014119.0
008 240226s1997 xo 000 0 slo
015 |a SNBE1997/0401901 
035 |a SNK000248781 
035 |a urn:nbn:sk:snk-amkus6 
035 |a urn:nbn:sk:snk-am004fwg 
035 |a DE66FD26-F6D7-420B-A0C5-698E14E5414F 
040 |a SNK  |b slo  |c SNK  |e AACR2 
041 0 |a slo 
044 |a xo  |c SK 
080 |a 730.071.1+75.071.1:061.4(083.97)  |2 1981 
080 |a 069.6.02:73/76  |2 1981 
245 0 0 |a Východoslovenská galéria v Košiciach ... dovoľujú si Vás pozvať na vernisáž výstavy Rudolf Moško. Maľba [a] Milan Struhárik. Socha  |b [pozvánka] : dňa 24. júla 1997 ... 
246 1 0 |a Rudolf Moško. Maľba [a] Milan Struhárik. Socha 
246 1 0 |a Milan Struhárik. Socha 
260 |a Košice  |b Východoslovenská galéria  |c 1997 
300 |a 1 list ([1] s.)  |c 15 x 11 cm 
600 1 7 |a Moško, Rudolf,  |d 1926-  |2 SNKMA 
600 1 7 |a Struhárik, Milan,  |d 1935-  |2 SNKMA  |9 114164 
610 2 7 |a Východoslovenská galéria (Košice, Slovensko)  |2 SNK  |9 29814 
648 7 |a 1997  |2 SNK  |9 283446 
648 7 |a 20. stor.  |2 SNK  |9 275975 
650 0 7 |a slovenské výtvarné umenie  |2 SNK  |9 68597 
650 0 7 |a sochári  |2 SNK  |9 3055 
650 0 7 |a maliari  |2 SNK  |9 3150 
650 0 7 |a výstavy  |2 SNK  |9 2780 
651 7 |a Košice (Slovensko)  |2 SNK  |9 18694 
651 7 |a Slovensko  |2 SNK  |9 14231 
655 7 |a pozvánky  |2 SNK  |9 71913 
710 2 |a Východoslovenská galéria (Košice, Slovensko)  |4 orm  |9 29814 
999 |c 1144813  |d 1146743 
952 |t P60, <03>, [BOOK], {603}  |a SNK  |b SNK  |y PREZ  |7 0  |p 17A1162677  |o snkLSE 727  |i snkKSP 8501/97  |0 0  |1 0  |4 0  |d 1997-08-05  |f 1  |l 0  |r 2005-01-02 00:00:00  |w 2026-02-24